00791nam a2200253 a 4500001001300000003000900013005001700022008004100039020002200080082001800102100002400120245007800144260004600222300001000268500003500278505001000313650001600323650002500339700002400364902000800388942000700396952011700403999001700520nice12345678IN_TiNIC20260116013831.0050524s1991 usaa grp 000 0 eng  a0872490 c1500a297.0962bCAM aCampo, Juan Eduardo aOther Sides of Paradiseb Explorations into the Religious Meanings of Dom aUSAbUniv. of Soujth Carolina Pressc1991 a246p. aincludes index and biblioraphy2 aindex aIslam-Egypt aEgypt-Religious Life1 aCampo, Juan Eduardo bSRS cBK 001040708StackRoom-aHMIbHMId2012-10-03g15.00l0o297.0962 CAMp017623r2012-10-03v15.00w2005-05-24yBK c12733d12733